00681nam a22001097a 4500040000800000082002700008100005600035245034200091260002600433300002500459856008700484 cRUA aVEM KAO 2014 B459 Or.1 aKAO SOUNSOKHENG; កៅ សួនសុខហេង aSurvey on foot and mouth disease of cattle, ou saray and tramkak district, takeo province; អង្កេតជំងឺអ៊ុតក្ដាមគោនៅក្នុងឃុំអូរសារាយ និងឃុំត្រពាំងក្រញូង ស្រុកត្រាំកក់ ខេត្តតាកែវ aPhnom PenhbRUAc2014 aix;32p.bill.c29cm. uhttps://drive.google.com/file/d/1Bix_mCHfIJwNmjq3BEBPhURtchVo_Npo/view?usp=sharing